000
00268nam a2200109 a 4500
005
20140414131938.0
008
110125s19uu xx 00 eng d
050
_a
ER
_b
It1 2008
245
_a
It's Wubbzy.
260
_a
New York :
_b
Scholastic ,
_c
2008.
999
_c
112513
_d
112513